000 005820000a22001930004500
090 _aAR
_b00833
245 1 0 _aCoevolution of mutualism between ants and acacias in Central America
650 1 4 _aRelación planta-animal
_992861
650 1 4 _aEvolución
_992797
650 1 4 _aMutualismo
_97737
650 1 4 _aHormigas
_992499
650 1 4 _aEntomología
_94483
653 _gAcacia
653 _gPseudomyrmex
041 0 _aInglés
100 1 _aJanzen, Daniel H.
_93808
942 _cARTICULO
773 1 _tEvolution: International Journal of Organic Evolution
_311
_h3
_q249-275
_d1966
_g20
999 _c9922
_d9922